000 00560cab a2200241 4500
001 ABS60495
008 090401t1999 xxu||||| |||| 00| 0 eng d
035 _a(Sirsi) u93226
041 _aeng
100 _aTerry, R.
245 _aSharing the burden
260 _c1999
350 _a0
490 _aInside Housing
_v30 April 1999, 18(1)
650 _aFLEXIBLE TENURE
650 _aHOME OWNERS
650 _aMORTGAGES
650 _aSCOTLAND
650 _aSCOTTISH HOMES
690 _aHOUSING-HOUSING FINANCE
942 _n0
948 _c10/05/1999
999 _c59089
_d59089